000 00681nam a22002177a 4500
003 DO-SdBNP
005 20211014095012.0
007 ta
008 210616b 2018 dr 00| 0 eng d
020 _a9789945600483
040 _aDO-SdBNP
_bspa
_cBNPHU
100 1 _aReyes, José
_926980
245 1 0 _aAdiós patria mía :
_bcrónica de un naufragio /
_cJosé Reyes.
260 _aSanto Domingo :
_bSantuario ;
_bBúho,
_c2018.
300 _a187 p. ;
_c23 cm.
500 _aIncluye datos biográficos del autor en la solapa de la cubierta
505 1 _aIntroducción --
_tLos viajes en yolas --
_tLa historia.
590 _aInventariado, 2021 /LP
910 _aLP
942 _2ddc
_cLBS1
999 _c49932
_d49932